Catálogo

Normas de información financiera (NIF) 2011 : (Registro nro. 61455)

Detalles MARC
000 -LEADER
fixed length control field 00702nam a2200193 u 4500
001 - CONTROL NUMBER
control field 61455
005 - DATE AND TIME OF LATEST TRANSACTION
control field 20180714063105.0
008 - FIXED-LENGTH DATA ELEMENTS--GENERAL INFORMATION
fixed length control field 140924s2011 mx r 000 0 spa d
020 ## - INTERNATIONAL STANDARD BOOK NUMBER
International Standard Book Number 978-607-7620-60-0
082 0# - DEWEY DECIMAL CLASSIFICATION NUMBER
Classification number 657.3
Item number NOR
245 00 - TITLE STATEMENT
Title Normas de información financiera (NIF) 2011 :
Remainder of title incluye boletines y circulares de la comisión de principios de contabilidad del IMCP.
250 ## - EDITION STATEMENT
Edition statement Quinta edición.
264 #1 - PRODUCTION, PUBLICATION, DISTRIBUTION, MANUFACTURE, AND COPYRIGHT NOTICE
Place of production, publication, distribution, manufacture México :
Name of producer, publisher, distributor, manufacturer Instituto Mexicano de Contadores Públicos, A.C.,
Date of production, publication, distribution, manufacture, or copyright notice 2011
300 ## - PHYSICAL DESCRIPTION
Extent [volumen sin paginación] ;
Dimensions 18 cm.
336 ## - CONTENT TYPE
Content type term texto
Source rdacontent
337 ## - MEDIA TYPE
Media type term sin mediación
Source rdamedia
338 ## - CARRIER TYPE
Carrier type term volumen
Source rdacarrier
650 #0 - SUBJECT ADDED ENTRY--TOPICAL TERM
Topical term or geographic name entry element Estados finacieros
Existencias
Withdrawn status Lost status Source of classification or shelving scheme Damaged status Not for loan Collection code Home library Current library Shelving location Date acquired Source of acquisition Inventory number Total Checkouts Total Renewals Full call number Barcode Date last seen Date last checked out Price effective from Koha item type
    Dewey Decimal Classification     General Biblioteca Karol Wojtyla Biblioteca Karol Wojtyla Sala general 24/09/2014 Compra 151000000000000000024672 3 1 657.3 NOR 2011 92696 05/01/2026 11/03/2024 24/09/2014 Libro